Carregant...
Key To Success And Happiness
| Autor principal: | |
|---|---|
| Format: | Printed Book |
| Publicat: |
New Delhi:
Jaico P.H:
2007.
|
| LEADER | 00321nam a22001097a 4500 | ||
|---|---|---|---|
| 100 | |a Joe Rubino |9 40473 | ||
| 245 | |a Key To Success And Happiness | ||
| 260 | |a New Delhi: |b Jaico P.H: |c 2007. | ||
| 300 | |a 173p. | ||
| 942 | |c BK | ||
| 999 | |c 91428 |d 91428 | ||
| 952 | |0 0 |1 0 |4 0 |7 0 |9 84021 |a SBES |b SBES |d 2016-09-09 |l 0 |p SBES02382 |r 2016-09-09 |w 2016-09-09 |y BK | ||